000 00898cam a22002534a 4500
005 20061024083122.0
008 050913s2006 nyua j b 001 0beng
010 _aENG-92415
020 _a9788189233587
_c650.00
035 _aEN-75948
037 _bDBAD / PUB
040 _adpl
_bEnglish
082 _a571.82
245 _aPlant development /
_cby T. Pullaiah...[et.al]
260 _aNew Delhi
_bRegency Publications
_c2007
270 _a20/36-G,. Old Market, West Patel Nagar,
_bNew Delhi
_e110008
300 _a235p.
_c25 cm (Hb)
500 _aIncludes index
650 _aPlants
_xDevelopment
650 _aGrowth (Plants)
700 _aPullaiah, T.
942 _2ddc
_cEN
_h571.82
_mPLA
999 _c20760
_d20760